000 00701nam a2200133Ia 4500
008 171212s9999 xx 000 0 und d
020 _a9780823267811
100 _aRizzuto, Nicole
245 _cRizzuto, Nicole
_aInsurgent Testimonies
_bWitnessing Colonial Trauma in Modern and Anglophone Literature
260 _bFordham University Press
_c2015
650 _aEnglish literature -- 20th century -- History and criticism; Commonwealth literature (English) -- History and criticism; Imperialism in literature; War in literature; Psychic trauma in literature; Justice, Administration of, in literature; Nationalism and
650 _aLanguage & Literature
856 _uhttp://jstor.org/stable/j.ctt18kr6gb
999 _c351478
_d351478